Estrategia para el logro de la transferencia de tecnología en el sector de embutidos
Uloženo v:
| Hlavní autor: | |
|---|---|
| Další autoři: | , |
| Médium: | Kniha |
| Vydáno: |
San José, Costa Rica
1988
|
| Témata: | |
| Tagy: |
Přidat tag
Žádné tagy, Buďte první, kdo vytvoří štítek k tomuto záznamu!
|
MARC
| LEADER | 00000nam a2200000Ia 4500 | ||
|---|---|---|---|
| 003 | 007248 | ||
| 005 | 20221231144310.0 | ||
| 008 | 140114s1988 cr a m 000 ||s d | ||
| 040 | |c cru CEDI | ||
| 090 | |a TFG 2984 | ||
| 100 | |a Gómez, Daira |9 11760 | ||
| 245 | |a Estrategia para el logro de la transferencia de tecnología en el sector de embutidos | ||
| 260 | |c 1988 |a San José, Costa Rica | ||
| 300 | |a volúmenes : ilustraciones | ||
| 500 | |a Proyecto (bachiller)--Universidad de Costa Rica, Fac. de Ingeniería, Escuela de Ingeniería Industrial | ||
| 650 | |x TRANSFERENCIA DE TECNOLOGIA |9 11763 | ||
| 700 | |9 11761 |a Mata, Alejandro | ||
| 700 | |9 11762 |a Ramírez, Marianela | ||
| 942 | |c TFG | ||
| 999 | |c 19786 |d 19786 | ||
